000 00735nam a22002297a 4500
005 20250811162244.0
008 250811b |||||||| |||| 00| 0 eng d
020 _a978-0-691-17043-5(pbk)
037 _cTB
040 _aCRL
_cCRL
041 _2eng
_aeng
084 _aO1,1g Q6
_qCRL
100 _aGreene, Roland
_9476030
245 _aPrinceton handbook of poetic terms
260 _aPrinceton, UK:
_bPrinceton University Press,
_c2016.
300 _axxi,430p.
365 _b 35.00
_cUSD
650 _2LITERATURE - HISTORY AND CRITICISM
700 _aCushman, Stephen
_eAuthor
_9476031
942 _2CC
_cTB
_hO1,1g Q6
_n0
999 _c1434693
_d1434693